<?xml version='1.0' encoding='UTF-8'?>
  <record xmlns="http://www.loc.gov/MARC21/slim">
    <leader>00000ctm a2200000 a 4500</leader>
    <controlfield tag="001">ocn965405512</controlfield>
    <controlfield tag="003">OCoLC</controlfield>
    <controlfield tag="005">20240329135622.2</controlfield>
    <controlfield tag="008">150320q14901500ne            000 0 lat d</controlfield>
    <datafield tag="040" ind1=" " ind2=" ">
      <subfield code="a">QGJ</subfield>
      <subfield code="b">dut</subfield>
      <subfield code="c">QGJ</subfield>
      <subfield code="d">OCLCL</subfield>
      <subfield code="d">OCLCQ</subfield>
    </datafield>
    <datafield tag="035" ind1=" " ind2=" ">
      <subfield code="a">(OCoLC)965405512</subfield>
    </datafield>
    <datafield tag="100" ind1="0" ind2=" ">
      <subfield code="a">Johannes de Plano Carpini,</subfield>
      <subfield code="d">?-1252.</subfield>
      <subfield code="4">aut</subfield>
    </datafield>
    <datafield tag="245" ind1="1" ind2="0">
      <subfield code="a">Historia Mongolorum /</subfield>
      <subfield code="c">Johannes de Plano Carpini.</subfield>
      <subfield code="f">UBU Hs. 737 (Hs 5 B 2).</subfield>
    </datafield>
    <datafield tag="246" ind1="3" ind2=" ">
      <subfield code="a">De gestis Tartarorum et de situ locorum transmarinorum</subfield>
    </datafield>
    <datafield tag="260" ind1=" " ind2=" ">
      <subfield code="a">[Utrecht],</subfield>
      <subfield code="c">[1490-1500]</subfield>
    </datafield>
    <datafield tag="300" ind1=" " ind2=" ">
      <subfield code="a">291 fols. :</subfield>
      <subfield code="b">drawings, pen-flourished initials in Utrecht style ("IJssel-influenced") ;</subfield>
      <subfield code="c">298 x 205 mm.</subfield>
    </datafield>
    <datafield tag="336" ind1=" " ind2=" ">
      <subfield code="a">text</subfield>
      <subfield code="b">txt</subfield>
      <subfield code="2">rdacontent</subfield>
    </datafield>
    <datafield tag="337" ind1=" " ind2=" ">
      <subfield code="a">unmediated</subfield>
      <subfield code="b">n</subfield>
      <subfield code="2">rdamedia</subfield>
    </datafield>
    <datafield tag="338" ind1=" " ind2=" ">
      <subfield code="a">volume</subfield>
      <subfield code="b">nc</subfield>
      <subfield code="2">rdacarrier</subfield>
    </datafield>
    <datafield tag="340" ind1=" " ind2=" ">
      <subfield code="a">paper</subfield>
      <subfield code="k">1 column, 41-52 lines, littera hybrida and littera cursiva.</subfield>
    </datafield>
    <datafield tag="500" ind1=" " ind2=" ">
      <subfield code="a">Preliminary title.</subfield>
    </datafield>
    <datafield tag="500" ind1=" " ind2=" ">
      <subfield code="a">Contains also: Gesta Karoli Magni; Ordines a Sede apostolica comprobati; Biblia tabulata / Gerard of Antwerp; Capitula Veteris et Novi Testamenti; Chronicon ab Adam usque ad Fridericum IV Imperatorem et Sexum IV Papam; Historia trium regum / Joannes Hildeshemiensis; Itinerarius / Guilielmus de Bodensele; Itinerarium / Odoricus de Foro Julii; De mundi mirabilibus (Reductorium morale, Liber 14) / Petrus Berchorius; Historia Hierosolymitana a tempore Godefridi de Bulion.</subfield>
    </datafield>
    <datafield tag="500" ind1=" " ind2=" ">
      <subfield code="a">"Gesta Karoli Magni": taken from several sources.</subfield>
    </datafield>
    <datafield tag="500" ind1=" " ind2=" ">
      <subfield code="a">"Capitula Veteris et Novi Testamenti": metrical.</subfield>
    </datafield>
    <datafield tag="561" ind1=" " ind2=" ">
      <subfield code="a">According to the ex libris, the manuscript was given to the Canons Regular of St. Mary &amp; the Apostles, Utrecht, by master Florentius de Zoelen.</subfield>
    </datafield>
    <datafield tag="524" ind1=" " ind2=" ">
      <subfield code="a">Cite as: Universiteitsbibliotheek Utrecht Hs. 737 (Hs 5 B 2).</subfield>
    </datafield>
    <datafield tag="581" ind1=" " ind2=" ">
      <subfield code="a">Eginhartus, De vita et gestis Caroli Magni ... curante Joh. Herm. Schminckio). Utrecht 1711. Passim (uitgave met gebruikmaking van dit hs.: fol. 27-40).</subfield>
    </datafield>
    <datafield tag="581" ind1=" " ind2=" ">
      <subfield code="a">J.H. van Bolhuis, 'Over zekere wereldkaart der XIII. eeuw, in een handschrift van Gerardus de Antwerpia', in: J.H. van Bolhuis, Verspreide letterarbeid. Utrecht 1846, p. 332-342. p. 332-342 (fol. 47-68, met afb. van de kaart).</subfield>
    </datafield>
    <datafield tag="581" ind1=" " ind2=" ">
      <subfield code="a">Guilielmus de Boldensele, 'Liber de quibusdam partibus ultramarinis ... (scriptus a. 1336). Hrsg. v. C.L. Grotefend', in: Zeitschrift des historischen Vereins für Niedersachsen, 1852, (1855), p. 236-286. (cf.: Pertz, in: Archiv für ältere deutsche Geschichte, 9, p. 575. passim (fol. 160-175r).</subfield>
    </datafield>
    <datafield tag="581" ind1=" " ind2=" ">
      <subfield code="a">P.A. Tiele, Catalogus codicum manu scriptorum Bibliothecae Universitatis Rheno-Trajectinae. I. Trajecti ad Rhenum / Hagae Comitis 1887. P. 193.</subfield>
    </datafield>
    <datafield tag="581" ind1=" " ind2=" ">
      <subfield code="a">F. Stegm©ơller, Repertorium Biblicum medii aevi. 11 vols. Matriti 1950-1980. Dl. 4, p. 237 (fol. 192-249).</subfield>
    </datafield>
    <datafield tag="581" ind1=" " ind2=" ">
      <subfield code="a">U. Monneret de Villard, Le leggende Orientali sui magi evangelici. Citta del Vaticano 1952. (= Studi e Testi, 163). P. 182 (fol. 120-159).</subfield>
    </datafield>
    <datafield tag="581" ind1=" " ind2=" ">
      <subfield code="a">E. Christern, 'Goethe, S. Boisser©♭e und die Legende von den H. Drei K©œningen', in: K©œlner Domblat, xx.xx.1958, p. 162f. p. 162f. (fol. 120-159).</subfield>
    </datafield>
    <datafield tag="581" ind1=" " ind2=" ">
      <subfield code="a">A.D. von den Brincken, 'Mappa mundi und Chronographia. Stuiden zur imago mundi des abendl©Þndischen Mittelalters', in: Deutsches Archiv f©ơr Erforschung des Mittelalters 24 (1968), p. 118-186. Cf. Scriptorium, 24 (1970), p. 433, nr. 291. P. 150 (fol. 47-68).</subfield>
    </datafield>
    <datafield tag="581" ind1=" " ind2=" ">
      <subfield code="a">A.D. von den Brincken, '""... ut desfcriberetur universus orbis"". Zur Universalkartographie des Mittelalters', in: Miscellanea mediaevalia 7 (1970), p. 249-278. P. 275 (fol. 47-68), Taf. 4 (afb. van fol. 49v).</subfield>
    </datafield>
    <datafield tag="581" ind1=" " ind2=" ">
      <subfield code="a">C. Deluz, Liber de quibusdam ultramarinis partibus ... de Guilielmus de Boldensele. Dissertatie Paris. Paris 1972. Passim (fol. 160-175r: tekstuitgave).</subfield>
    </datafield>
    <datafield tag="581" ind1=" " ind2=" ">
      <subfield code="a">M. Carasso-Kok, Repertorium van verhalende historische bronnen uit de middeleeuwen. Heiligenlevens, annalen, kronieken en andere in Nederland geschreven verhalende bronnen. 's-Gravenhage 1981. (= Bibliografische reeks van het Nederlands Historisch Genootschap 2). nr. 190 (fol. 83r-119r).</subfield>
    </datafield>
    <datafield tag="581" ind1=" " ind2=" ">
      <subfield code="a">G.C. Testa, '""La Citt© "" di Pordenone e i manuoscritti della ""Relation""', in: Il Noncello, 55 (1983), p. 151-204. P. 171 nr. 61.</subfield>
    </datafield>
    <datafield tag="581" ind1=" " ind2=" ">
      <subfield code="a">Handschriften en oude drukken van de Utrechtse Universiteitsbibliotheek. Catalogus bij de tentoonstelling in het Centraal Museum te Utrecht ter gelegenheid van het 400-jarig bestaan van de bibliotheek der Rijksuniversiteit, 1584-1984. Utrecht 1984. P. 75.</subfield>
    </datafield>
    <datafield tag="581" ind1=" " ind2=" ">
      <subfield code="a">Chr. van Wijnbergen &amp; H. Zapp, Verzeichnis kanonistischer Handschriften in den Niederlanden). W©ơrzburg 1988. (= Forschungen zur Kirchenrechtswissenschaft 3). p. 282-283 (fol. 43-44).</subfield>
    </datafield>
    <datafield tag="581" ind1=" " ind2=" ">
      <subfield code="a">A.J. de Groot &amp; E.C.C. Coppens, Manuscripta canonistica Latina. Elenchus codicum necnon diplomatum iuris canonici ante a. 1600 in bibliothecis ac archivis neerlandicis. Nijmegen 1989. (= Rechtshistorische reeks van het Gerard Noodt Instituut 14). P. 411 (fol. 43-44).</subfield>
    </datafield>
    <datafield tag="581" ind1=" " ind2=" ">
      <subfield code="a">A.-D. von den Brincken, 'Roma nella cartografia medievale (secoli IX-XIII)', in: Roma antica nel medioevo. Mito, rappresentazioni, sopravvivenze nella ''Respublica Christiana'' dei secoli IX-XIII. Atti della quattordicesima settimana internazionale di studio Mendola, 24-28 agosto 1998. [S.l. ca. 1998], p. 209-229. P. 220, tav. VIII.</subfield>
    </datafield>
    <datafield tag="581" ind1=" " ind2=" ">
      <subfield code="a">I. Baumg©Þrtner, 'Die Wahrnehmung Jerusalems auf mittelalterlichen Weltkarten', in: Jerusalem im Hoch- und Sp©Þtmittelalter. Konflikte und Konfliktbew©Þltigung-Vorstellungen und Vergegenw©Þrtigungen. Frankfurt/New York 2001. P. 306 nt. 64, afb. op p. 307. (f. 49v).</subfield>
    </datafield>
    <datafield tag="581" ind1=" " ind2=" ">
      <subfield code="a">A. Scafi, Mapping paradise. A history of heaven on earth. London 2006. P. 168. (f. 49v).</subfield>
    </datafield>
    <datafield tag="581" ind1=" " ind2=" ">
      <subfield code="a">A-D von den Brincken, 'Jerusalem on medieval mappaemundi.A site both historical and eschatological', p. 355-379. in: The Hereford world map. Ed. by P.D.A. Harvey. London 2006. p. 366, afb. op p. 367 (fig.9). (f. 49v).</subfield>
    </datafield>
    <datafield tag="600" ind1="0" ind2="4">
      <subfield code="a">Karel de Grote,</subfield>
      <subfield code="d">742-814.</subfield>
    </datafield>
    <datafield tag="655" ind1=" " ind2="7">
      <subfield code="a">Handschriften (vorm)</subfield>
      <subfield code="0">088143309</subfield>
      <subfield code="2">gtt</subfield>
    </datafield>
    <datafield tag="700" ind1="1" ind2=" ">
      <subfield code="a">Florentius de Zoelen,</subfield>
      <subfield code="e">former owner.</subfield>
      <subfield code="4">fmo</subfield>
      <subfield code="5">NL-UtRU</subfield>
    </datafield>
    <datafield tag="700" ind1="0" ind2=" ">
      <subfield code="a">Gerardus de Antwerpia.</subfield>
      <subfield code="4">aut</subfield>
    </datafield>
    <datafield tag="700" ind1="0" ind2="2">
      <subfield code="a">Johannes Hildesheimensis,</subfield>
      <subfield code="d">ca. 1315-1375.</subfield>
      <subfield code="4">aut</subfield>
      <subfield code="t">Historia trium regum.</subfield>
    </datafield>
    <datafield tag="700" ind1="0" ind2="2">
      <subfield code="a">Guilielmus de Boldensele.</subfield>
      <subfield code="t">Itinerarius.</subfield>
      <subfield code="4">aut</subfield>
    </datafield>
    <datafield tag="700" ind1="0" ind2="2">
      <subfield code="a">Odoricus de Foro Julii,</subfield>
      <subfield code="t">Itinerarium.</subfield>
    </datafield>
    <datafield tag="700" ind1="0" ind2="2">
      <subfield code="a">Petrus Berchorius,</subfield>
      <subfield code="d">1290-1362.</subfield>
      <subfield code="t">Reductorium morale.</subfield>
      <subfield code="n">Liber 14.</subfield>
      <subfield code="4">aut</subfield>
    </datafield>
    <datafield tag="710" ind1="2" ind2=" ">
      <subfield code="a">Regulierenklooster (Utrecht)</subfield>
      <subfield code="e">former owner.</subfield>
      <subfield code="4">fmo</subfield>
      <subfield code="5">NL-UtRU</subfield>
    </datafield>
    <datafield tag="740" ind1="0" ind2=" ">
      <subfield code="a">Liber de quibusdam partibus ultramarinis et praecipue de Terra Sancta.</subfield>
    </datafield>
    <datafield tag="740" ind1="0" ind2=" ">
      <subfield code="a">De regionibus et civitatibus mundi remotissimis.</subfield>
    </datafield>
    <datafield tag="740" ind1="0" ind2=" ">
      <subfield code="a">Liber de mirabilibus mundi.</subfield>
    </datafield>
    <datafield tag="758" ind1=" " ind2=" ">
      <subfield code="a">UBU Hs. 737 (Hs 5 B 2) Historia Mongolorum (Text)</subfield>
      <subfield code="1">https://id.oclc.org/worldcat/entity/E39PCXYfPPcpyvPkVV8DF4GBrq</subfield>
      <subfield code="4">https://id.oclc.org/worldcat/ontology/hasWork</subfield>
    </datafield>
    <datafield tag="856" ind1="4" ind2="2">
      <subfield code="u">http://objects.library.uu.nl/reader/resolver.php?obj=002655332&amp;type=2</subfield>
      <subfield code="x">Online</subfield>
      <subfield code="z">Full Text</subfield>
    </datafield>
    <datafield tag="936" ind1=" " ind2=" ">
      <subfield code="a">BATCHLOAD</subfield>
    </datafield>
  </record>